Forbes 25 Richest People 2024 - Statistics

General Stats
  • This quiz has been taken 1,021 times
  • The average score is 10 of 25
Answer Stats
Wealth in Billion $ Country Source
Industry
Answer % Correct
195 US/South Africa Tesla Automotive Elon Musk
99%
194 US Amazon Technology Jeff Bezos
94%
177 US Meta Technology Mark Zuckerberg
92%
128 US Microsoft Technology Bill Gates
90%
133 US Berkshire Hathaway Finance Warren Buffet
60%
106 US Bloomberg LP Finance Michael Bloomberg
49%
58.5 US Koch Industries Diversified Charles Koch
46%
64.5 US Koch Industries Diversified Julia Koch
46%
72.3 US Walmart Retail Alice Walton
40%
78.4 US Walmart Retail Jim Walton
40%
77.4 US Walmart Retail Rob Walton
40%
233 France LVMH Fashion Bernard Arnault
37%
141 US Oracle Technology Larry Ellison
31%
114 US Google Technology Larry Page
31%
91 US Dell Technologies Technology Michael Dell
28%
110 US Google Technology Sergey Brin
26%
121 US Microsoft Technology Steven Ballmer
22%
116 India Diversified Diversified Mukesh Ambani
19%
103 Spain Zara Fashion Amancio Ortega
15%
102 Mexico Telecom Technology Carlos Slim Helu
15%
77 US Semiconductors Technology Jensen Huang
10%
99.5 France L'Oreal Fashion Francoise Bettencourt
9%
84 India Diversified Infrastructure Gautam Adani
8%
67.8 Canada Media Media David Thomson
3%
62.3 China Beverages Food Zhong Shanshan
2%
No matching quizzes found
Score Distribution
Percent of People with Each Score
Percentile by Number Answered
Your Score History
You have not taken this quiz